00683nam a2200241 a 4500001001300000003000900013005001700022008004100039020002300080082001500103100002100118245002200139260004400161300000900205500003500214505001000249650001300259700002100272902000800293942000700301952011600308999001700424nice12345678IN_TiNIC20260116014334.0090325s2008 dela grp 000 0 eng  a8186050957 c50000a294.3bDUT aDutt, Nalinaksha aMahayana Buddhism aDelhi bBharatiya Kala Prakashan c2008 a310p aincludes index and biblioraphy2 aindex aBuddhism1 aDutt, Nalinaksha bSRS cBK 001040708StackRoom-aHMIbHMId2010-09-03g500.00l0o294.3 DUTp022715r2010-09-03v500.00w2009-03-25yBK c14880d14880